Score 0/18 Timer 02:00
0 Plays Today
Movies Based on Books Missing Word % Correct
Once Upon a ____ in AmericaTime
96.7%
The Girl with the ______ TattooDragon
95.1%
_________'s WebCharlotte
93.8%
Casino ______Royale
93.7%
2001: A _____ OdysseySpace
92.6%
______ with WolvesDances
88%
The Green ____Mile
87.2%
_____ of DreamsField
84.9%
The Year of ______ DangerouslyLiving
83.3%
Movies Based on Books Missing Word % Correct
Patriot _____Games
80.4%
_______ MillionaireSlumdog
79.7%
The ______ on the River KwaiBridge
78.9%
L.A. ____________Confidential
77.4%
3:10 to ____Yuma
72.6%
The ___ Luck ClubJoy
67.3%
The _____ of MoneyColor
65.1%
Kiss of the ______ WomanSpider
58.9%
The ____ ZoneDead
39.3%

Today's Daily Dose

Remove Ads.
Support Sporcle.
Get the best of Sporcle when you Go Orange. This ad-free experience offers more features, more stats, and more fun while also helping to support Sporcle. Thank you for becoming a member.

You're not logged in!

Compare scores with friends on all Sporcle quizzes.
OR
Log In

Show Comments

Extras

Top Quizzes Today


Score Distribution

Your Account Isn't Verified!

In order to create a playlist on Sporcle, you need to verify the email address you used during registration. Go to your Sporcle Settings to finish the process.

Report this User

Report this user for behavior that violates our Community Guidelines.

Details: